000 00551nam a2200169Ia 4500
008 090711s9999 xx 000 0 und d
082 _b47766
100 _aभावे पुरुषोत्तम भा.
245 _aलवंग वेलदोडे
260 _c1963
300 _a143
600 _aभावे पुरुषोत्तम भा.
630 _aलवंग वेलदोडे
700 _aभावे पुरुषोत्तम भा.
730 _aलवंग वेलदोडे
942 _cBOOK
999 _c298443
_d298443